| 000 | 01332cam a2200301 4500 | ||
|---|---|---|---|
| 008 | 020909n2003 000 0 eng u | ||
| 020 | _a0750654082 | ||
| 035 | _a(Sirsi) u119631 | ||
| 050 |
_a720.026 _c18 |
||
| 100 | _aGreenstreet, Bob | ||
| 245 | _aLegal and contractual procedures for architects | ||
| 250 | _a5th ed. | ||
| 260 |
_aOxford _bArchitectural Pressc2003 |
||
| 300 |
_avi,108p. _c21x30cm. |
||
| 350 | _a24.99 | ||
| 520 | _aRevised to cover recent changes in legislation and protocol this book aims to give a basic legal overview of issues affecting architects as well as detailed guidance on the specific procedural aspects of their duties. The design phase, contract formation, the construction phase, completion, determination and dispute resolution are all discussed. There is also a new section on adjudication. | ||
| 650 | _aMANAGEMENT-DISPUTE AVOIDANCE, MANAGEMENT AND RESOLUTION-DISPUTE MANAGEMENT AND RESOLUTION-ALTERNATIVE DISPUTE RESOLUTION-ADJUDICATION | ||
| 650 | _aBUILT ENVIRONMENT-BUILDING CONTRACT FORMS | ||
| 650 | _aCONSTRUCTION DISPUTES | ||
| 650 | _aCONSTRUCTION LAW | ||
| 650 | _aCONTRACT LAW | ||
| 650 | _aCONTRACTUAL ISSUES | ||
| 650 | _aDETERMINATION | ||
| 690 | _aBUILDING AND CONSTRUCTION-LAW | ||
| 700 | _aChappell, David | ||
| 700 | _aDunn, Michael | ||
| 942 | _n0 | ||
| 999 |
_c102350 _d102350 |
||